[Event "Sao Paulo op-C U1700 7th"]
[Site "Sao Paulo"]
[Date "2018.03.31"]
[Round "4"]
[White "Tieri, Andre Baranowski"]
[Black "Artiga, Pedro Gabriel F Vil"]
[Result "1/2-1/2"]
[WhiteElo "1411"]
[BlackElo "1318"]
[PlyCount "71"]
[EventDate "2018.03.30"]
[EventType "swiss"]
[EventRounds "6"]
[EventCountry "BRA"]
[SourceTitle "EXT 2021"]
[Source "ChessBase"]
[SourceDate "2020.10.23"]
[SourceVersion "1"]
[SourceVersionDate "2020.10.23"]
[SourceQuality "1"]

1. d4 Nf6 2. c4 d6 3. Nc3 g6 4. g3 Bg7 5. Bg2 0-0 6. e3 e5 7. Nge2 Nc6 8. d5 Ne7 9. Qb3 Nd7 10. Bd2 Nc5 11. Qc2 a5 12. 0-0 f5 13. a3 a4 14. e4 Bd7 15. Be3 Nxe4 16. Nxe4 fxe4 17. Bxe4 Nf5 18. Bd2 Nd4 19. Nxd4 exd4 20. Qd3 Bf5 21. Rfe1 Qf6 22. Bxf5 Qxf5 23. Qxf5 Rxf5 24. Re7 Rc8 25. f4 c6 26. g4 Rf7 27. Rae1 cxd5 28. Re8+ Rf8 29. Rxf8+ Kxf8 30. cxd5 Re8 31. Rc1 d3 32. Bb4 Bd4+ 33. Kf1 Re2 34. Rd1 Rf2+ 35. Ke1 Re2+ 36. Kf1 1/2-1/2

[Event "Hebraica op 25th"]
[Site "Hebraica"]
[Date "2018.01.12"]
[Round "2"]
[White "Tieri, Andre Baranowski"]
[Black "Haraguchi, Diego Sashaki"]
[Result "1-0"]
[WhiteElo "1411"]
[BlackElo "1788"]
[PlyCount "73"]
[EventDate "2018.01.12"]
[EventType "swiss"]
[EventRounds "6"]
[EventCountry "BRA"]
[SourceTitle "CBM 182 Extra"]
[Source "ChessBase"]
[SourceDate "2018.02.23"]
[SourceVersion "1"]
[SourceVersionDate "2018.02.23"]
[SourceQuality "1"]

1. d4 e6 2. c4 d5 3. Nf3 c5 4. Nc3 Nf6 5. Bf4 Nc6 6. Nb5 Qa5+ 7. Qd2 Qxd2+ 8. Nxd2 Nxd4 9. Nc7+ Kd7 10. Rc1 Nh5 11. Nxa8 Nxf4 12. e3 Nxg2+ 13. Bxg2 Nc6 14. cxd5 exd5 15. Bxd5 b6 16. Nxb6+ axb6 17. Nc4 Kc7 18. Bxc6 Kxc6 19. Ne5+ Kc7 20. Nxf7 Be6 21. Nxh8 Bxa2 22. Ra1 Bd5 23. Rg1 c4 24. Ra7+ Kc6 25. Nf7 Bb4+ 26. Ke2 c3 27. bxc3 Bc5 28. Nd8+ Kb5 29. Rb1+ Kc4 30. Kd2 b5 31. Rc7 Bc6 32. Rxc6 Kd5 33. e4+ Ke5 34. Rxc5+ Kd6 35. Rbxb5 Kd7 36. Rb7+ Kd6 37. Rd5# 1-0

[Event "Sao Paulo-C U1700 op 5th"]
[Site "Sao Paulo"]
[Date "2016.10.15"]
[Round "4.30"]
[White "Higuchi, Giulia Moser"]
[Black "Tieri, Andre Baranowski"]
[Result "0-1"]
[WhiteElo "1752"]
[BlackElo "1452"]
[PlyCount "52"]
[EventDate "2016.10.13"]
[EventType "swiss"]
[EventRounds "6"]
[EventCountry "BRA"]
[SourceTitle "EXT 2022"]
[Source "ChessBase"]
[SourceDate "2021.10.06"]
[SourceVersion "1"]
[SourceVersionDate "2021.10.06"]
[SourceQuality "1"]

1. d4 Nf6 2. Nf3 e6 3. Bf4 b6 4. e3 Bb7 5. c3 Be7 6. Nbd2 c5 7. Bd3 d5 8. Ne5 c4 9. Be2 Nbd7 10. Ndf3 0-0 11. Qc2 h6 12. g4 Ne4 13. Nd2 Ndf6 14. f3 Nxd2 15. Qxd2 Nh7 16. h4 Bxh4+ 17. Kd1 Bg5 18. Bg3 Nf6 19. f4 Ne4 20. Qe1 Nxg3 21. Qxg3 Bf6 22. Qh3 Bxe5 23. dxe5 d4 24. Bf3 dxe3+ 25. Ke1 Qd2+ 26. Kf1 Qf2# 0-1

[Event "Sao Paulo Consciencia op 7th"]
[Site "Sao Paulo"]
[Date "2015.11.22"]
[Round "5"]
[White "Ferreira, Rodrigo Maycon Mira"]
[Black "Tieri, Andre Baranowski"]
[Result "1-0"]
[WhiteElo "1828"]
[BlackElo "1407"]
[PlyCount "61"]
[EventDate "2015.11.20"]
[EventType "swiss"]
[EventRounds "6"]
[EventCountry "BRA"]
[SourceTitle "CBM 170 Extra"]
[Source "ChessBase"]
[SourceDate "2016.02.25"]
[SourceVersion "1"]
[SourceVersionDate "2016.02.25"]
[SourceQuality "1"]

1. d4 Nf6 2. c4 e6 3. Nf3 b6 4. g3 Bb7 5. Bg2 Bb4+ 6. Nbd2 0-0 7. 0-0 d6 8. a3 Bxd2 9. Qxd2 Nbd7 10. b4 Ne4 11. Qc2 c5 12. Rd1 cxd4 13. Nxd4 Ndf6 14. f3 Nxg3 15. hxg3 Nh5 16. Kf2 e5 17. Nf5 d5 18. cxd5 Rc8 19. Qd2 Qf6 20. Qg5 Qxg5 21. Bxg5 Rc2 22. d6 Nf6 23. d7 Rd8 24. Nd6 Bc6 25. Bh3 h6 26. Bxf6 gxf6 27. b5 Bxd7 28. Ne4 Rc7 29. Rxd7 Rcxd7 30. Bxd7 f5 31. Bxf5 1-0

[Event "Sao Paulo Consciencia 5th U2000"]
[Site "Sao Paulo"]
[Date "2015.09.07"]
[Round "6.9"]
[White "Hayashi, Kaito"]
[Black "Tieri, Andre Baranowski"]
[Result "1/2-1/2"]
[WhiteElo "1676"]
[BlackElo "1728"]
[PlyCount "159"]
[EventDate "2015.09.05"]
[EventType "swiss"]
[EventRounds "6"]
[EventCountry "BRA"]
[SourceTitle "EXT 2022"]
[Source "ChessBase"]
[SourceDate "2021.10.06"]
[SourceVersion "1"]
[SourceVersionDate "2021.10.06"]
[SourceQuality "1"]

1. e4 c5 2. Nf3 d6 3. d4 cxd4 4. Nxd4 Nf6 5. Nc3 a6 6. Bg5 e6 7. Bd3 Be7 8. 0-0 Qc7 9. Nf3 Nbd7 10. Re1 0-0 11. Qd2 b6 12. Bxf6 Nxf6 13. Qf4 Bb7 14. Qh4 Nxe4 15. Qh5 Nf6 16. Qh3 h6 17. Ne2 e5 18. Nh4 Nh7 19. Bxh7+ Kxh7 20. c3 Qc6 21. Nf5 Bg5 22. Rad1 Rad8 23. Kh1 Bc8 24. Qd3 e4 25. Ned4 exd3 26. Nxc6 Bxf5 27. Nxd8 Rxd8 28. h3 b5 29. g3 Bg6 30. f4 Bf6 31. g4 Kg8 32. f5 Bh7 33. Rxd3 g6 34. Rf3 gxf5 35. gxf5 Kh8 36. Rd1 Bg5 37. Kg2 Rg8 38. b4 Be7+ 39. Kf2 Ra8 40. Ra1 a5 41. Rb1 axb4 42. Rxb4 Rxa2+ 43. Kg3 Ra5 44. Re3 Bf6 45. Rg4 Be5+ 46. Kf3 Bxf5 47. Rb4 Bxh3 48. Ke4 Be6 49. Kd3 Bc4+ 50. Kc2 Ra2+ 51. Rb2 Rxb2+ 52. Kxb2 b4 53. Re4 bxc3+ 54. Kc2 f6 55. Rxc4 Kg7 56. Rg4+ Kh7 57. Kd3 d5 58. Rg2 h5 59. Rg1 Kh6 60. Rh1 Kg5 61. Rg1+ Kh4 62. Rh1+ Kg4 63. Rg1+ Kf4 64. Rh1 Kg5 65. Rg1+ Kh6 66. Rh1 f5 67. Re1 Bf6 68. Rf1 Kg5 69. Rg1+ Kf4 70. Rf1+ Ke5 71. Kxc3 Ke4+ 72. Kd2 d4 73. Re1+ Kd5 74. Rf1 Bg5+ 75. Kd3 f4 76. Rg1 Bf6 77. Rf1 Be5 78. Rh1 f3 79. Rxh5 f2 80. Rf5 1/2-1/2

[Event "Sao Paulo Consciencia op 3rd"]
[Site "Sao Paulo"]
[Date "2015.04.18"]
[Round "1"]
[White "Nunes, Agatha Hurba"]
[Black "Tieri, Andre Baranowski"]
[Result "1-0"]
[WhiteElo "1765"]
[BlackElo "1755"]
[PlyCount "29"]
[EventDate "2015.04.18"]
[EventType "swiss"]
[EventRounds "6"]
[EventCountry "BRA"]
[SourceTitle "CBM 166 Extra"]
[Source "ChessBase"]
[SourceDate "2015.06.18"]
[SourceVersion "1"]
[SourceVersionDate "2015.06.18"]
[SourceQuality "1"]

1. d4 Nf6 2. Nf3 g6 3. c4 d5 4. cxd5 Nxd5 5. e4 Nb6 6. Nc3 Bg7 7. h3 e6 8. Bb5+ Bd7 9. Bf4 0-0 10. 0-0 Nc6 11. Rc1 Rc8 12. Bxc6 Bxc6 13. b4 a6 14. a4 Qf6 15. Bg5 1-0

[Event "Sao Paulo Consciencia op 3rd"]
[Site "Sao Paulo"]
[Date "2015.04.18"]
[Round "2"]
[White "Tieri, Andre Baranowski"]
[Black "Ng, Paulino"]
[Result "0-1"]
[WhiteElo "1755"]
[BlackElo "1848"]
[PlyCount "32"]
[EventDate "2015.04.18"]
[EventType "swiss"]
[EventRounds "6"]
[EventCountry "BRA"]
[SourceTitle "CBM 166 Extra"]
[Source "ChessBase"]
[SourceDate "2015.06.18"]
[SourceVersion "1"]
[SourceVersionDate "2015.06.18"]
[SourceQuality "1"]

1. e4 e6 2. d4 d5 3. Nc3 Bb4 4. e5 c5 5. f4 cxd4 6. Qxd4 Nc6 7. Qd1 d4 8. a3 Qa5 9. Bd2 dxc3 10. axb4 cxd2+ 11. Qxd2 Qxa1+ 12. Ke2 Bd7 13. Nf3 Qxb2 14. g3 Nge7 15. Bg2 Nd5 16. Rd1 Nc3+ 0-1